000 00467nam a2200181 a 4500
001 0000-9118
003 ELIB.Books
008 110520 1979
020 _a1852401664
035 _a(ELIB.Books)0000-9267
082 _a262.73
_bAls
100 _aAlsobroot, David
245 _aUnderstanding the Blood of Christ
260 _bEngland: Sovereign World
_c1979
650 _aCommunion of Saint
942 _2ddc
_cBK
998 _cbat
_e2011-05-20
999 _c9118
_d9118